000 00921nam a22002537a 4500
005 20100802142459.0
010 _aENG-97810
020 _a9788190849906
_c695.00
035 _aEN-81343
037 _bDBAD/PUB
082 _a658.827
100 _aMohd Altaf
_94260
245 _aBrand management /
_cby Mohd Altaf
260 _aNew Delhi
_bEnkay Publishing House
_c2011
270 _a209 Hari Sadan 20 Ansari road Darya Ganj
_bNew Delhi
_e100002
300 _aviii,280p
_c21cm (Hb)
500 _aincludes bibliographical references and index
650 _aBrand name products management
_94261
650 _aelectromic commerce
_94262
650 _aindustrial marketing
_94263
650 _aproduct management
_94264
942 _2ddc
_cEN
_h658.827
_mMOH
999 _c38673
_d38673